| 000 | 00636cam a2200193 a 4500 | ||
|---|---|---|---|
| 001 | 000009096 | ||
| 005 | 20200929161503.0 | ||
| 008 | 880426s1986 pr 000 1 spa | ||
| 040 |
_aDO-SdBNP _bspa _cDLC _dBNPHU |
||
| 082 |
_aPR863.42 _bS582m |
||
| 100 | 1 |
_aSilén, Juan Ángel. _d1938 _923745 |
|
| 245 | 1 | 4 |
_aLas memorias de José Joaquín Henríquez / _cJuan Ángel Silén. |
| 260 |
_aPuerto Rico : _bEdil, _c1986. |
||
| 300 |
_a300 p. ; _c21 cm. |
||
| 651 | 4 |
_aPuerto Rico _xHistoria _yINSURRECCIÓN, 1868 _xFicción _923746 |
|
| 651 | 4 |
_aPuerto Rico _xHistoria _xFicción _923747 |
|
| 910 | _aCatalogación por copia / LC | ||
| 049 | _aBNGR | ||
| 999 |
_c8860 _d8860 |
||